[Event "Geller Mem"]
[Site "Odessa UKR"]
[Date "2001.07.11"]
[Round "9"]
[White "Trimbashevskij,I"]
[Black "Fingerov,D"]
[Result "0-1"]
[WhiteElo "2421"]
[BlackElo "2407"]

1.c4 c6 2.Qa4 e6 3.g3 d5 4.Bg2 Nf6 5.Nf3 Bd6 6.O-O O-O 7.d3 e5 8.Nbd2 Nbd7
9.e4 Nc5 10.Qc2 dxe4 11.dxe4 a5 12.b3 Qc7 13.Bb2 Bg4 14.a3 Ne6 15.Qc3 Rad8
16.h3 Bh5 17.b4 axb4 18.axb4 c5 19.b5 Nd4 20.Nxd4 cxd4 21.Qd3 Nd7 22.Nb3 f6
23.Rfc1 Bf7 24.Bf1 Ra8 25.Qc2 Nc5 26.Nxc5 Bxc5 27.Ra4 Rxa4 28.Qxa4 Bg6 29.Bd3 Qc8
30.g4 h5 31.f3 hxg4 32.hxg4 Kf7 33.Kg2 Rh8 34.Rh1 Qa8 35.Qxa8 Rxa8 36.Ra1 Rc8
37.Ra4 Ke7 38.f4 exf4 39.Kf3 Rh8 40.Bf1 Rh1 41.Bg2 Rb1 42.Ba1 Rb3+ 43.Ke2 d3+
44.Kd1 Be3  0-1

[Event "ch-NOR"]
[Site "Kristiansund NOR"]
[Date "2001.07.12"]
[Round "7"]
[White "Hansen,TR"]
[Black "Johansen,Te"]
[Result "1-0"]
[WhiteElo "2244"]
[BlackElo "2236"]

1.c4 c6 2.Nf3 d5 3.b3 Nf6 4.Bb2 Bg4 5.e3 e6 6.Be2 Nbd7 7.O-O Bd6 8.Nc3 O-O
9.d4 Qe7 10.a3 dxc4 11.bxc4 e5 12.h3 Bh5 13.Re1 Rfd8 14.Qc2 Rac8 15.a4 e4
16.Nd2 Bg6 17.c5 Bb8 18.a5 Nf8 19.a6 Qc7 20.Nf1 b5 21.cxb6 Qxb6 22.Ba3 Re8
23.Reb1 Qd8 24.Rb7 Ne6 25.Qa4 Nc7 26.Bc5 Ne6 27.Bxa7 Bxa7 28.Rxa7 Qd6 29.Nd2 Rb8
30.Nc4 Qf8 31.Rb7 Rxb7 32.axb7 Rb8 33.Qa7 Nd7 34.Ne5 Nxe5 35.dxe5 Nc5 36.Qxb8 Qxb8
37.Ra8 Nd7 38.Bg4 f5 39.e6  1-0

[Event "Canadian Open"]
[Site "Sackville CAN"]
[Date "2001.07.13"]
[Round "8"]
[White "Lipnowski,I"]
[Black "Mazock,M"]
[Result "1-0"]
[WhiteElo "2309"]
[BlackElo "2171"]

1.c4 c6 2.Nf3 d5 3.e3 Nf6 4.d4 Bg4 5.cxd5 Bxf3 6.Qxf3 cxd5 7.Nc3 e6 8.Qd1 Nc6
9.Bd3 Bd6 10.f4 Rc8 11.O-O a6 12.Bd2 h5 13.Qe2 g6 14.Be1 Ng4 15.Bf2 Rc7 16.Kh1 f5
17.h3 Rch7 18.Rac1 Be7 19.Na4 Qa5 20.Nc5 Nxf2+ 21.Rxf2 Bxc5 22.Rxc5 Qb6 23.Rf1 Rc7
24.Rfc1 Kd7 25.a3 Rhc8 26.b4 Ne7 27.Kh2 Ng8 28.Qe1 Qd6 29.Qg3 Ne7 30.Qg5 Qb6
31.Qf6 Qd6 32.R1c3 Qb6 33.Bc2 Qd6 34.Ba4+ b5 35.Bd1 Qb6 36.Be2 Qd6 37.Rc1 Qb6
38.g4 hxg4 39.hxg4 Qd6 40.Kg3 Qb6 41.Rh1 Qd6 42.Rh7 Ke8 43.Kf2 Rc6 44.Bf3 Kd8
45.Kg2 Ke8 46.Kf1 Kd8 47.Kg2 Ke8 48.Kg3 Kd8 49.Bxd5 Rxc5 50.dxc5  1-0

[Event "ch-SUI Women"]
[Site "Scuol SUI"]
[Date "2001.07.13"]
[Round "2"]
[White "Kradolfer,C"]
[Black "Gruenenwald,E"]
[Result "1-0"]
[WhiteElo "2074"]
[BlackElo "2037"]

1.c4 c6 2.Nf3 Nf6 3.g3 d5 4.d4 Bg4 5.Bg2 e6 6.O-O Nbd7 7.Nbd2 Be7 8.b3 O-O
9.Bb2 a5 10.a3 Qb6 11.Bc3 Qa6 12.Re1 Rfd8 13.c5 b6 14.b4 bxc5 15.bxc5 a4
16.Bf1 Qa7 17.Bb4 Re8 18.Qc2 Bf5 19.Qc3 h6 20.Rac1 Qc7 21.Ne5 Ne4 22.Nxe4 Bxe4
23.Nxd7 Qxd7 24.f3 Bg6 25.e4 f5 26.e5 f4 27.gxf4 Rf8 28.Qe3 Bh4 29.Re2 Bf5
30.Rb2 Qf7 31.Bd2 Rfb8 32.Rb6 Qd7 33.Bd3 Bxd3 34.Qxd3 Bd8 35.Rxb8 Rxb8 36.Rb1 Qa7
37.f5 exf5 38.Qxf5 Rxb1+ 39.Qxb1 Bh4 40.Qg6 Qf7 41.Qg4 Bd8 42.Bxh6 Ba5 43.e6 Qb7
44.Qg6 Bc3 45.Be3 Qe7 46.Kg2 Qf6 47.Qxf6 gxf6 48.h4 Ba5 49.h5 Bd8 50.h6 f5
51.Kg3 Kh7 52.Bf4 Bf6 53.Be5 Bg5 54.f4 Be7 55.Bd6  1-0

[Event "ch-SUI"]
[Site "Scuol SUI"]
[Date "2001.07.17"]
[Round "6"]
[White "Moeschinger,M"]
[Black "Nueesch,G"]
[Result "1/2-1/2"]
[WhiteElo "2177"]
[BlackElo "2221"]

1.c4 c6 2.g3 d5 3.b3 dxc4 4.bxc4 Qd4 5.Nc3 Qxc4 6.Nf3 e6 7.e4 Qc5 8.Bg2 Nd7
9.O-O Ngf6 10.a4 Qa5 11.Qc2 Be7 12.d4 O-O 13.Rd1 Re8 14.Nd2 Qd8 15.Nc4 Nb6
16.Ne3 a5 17.d5 exd5 18.exd5 cxd5 19.Ncxd5 Nfxd5 20.Nxd5 Nxd5 21.Bxd5 Qb6
22.Rb1 Bb4 23.Be3 Qg6 24.Qxg6 hxg6 25.Rbc1 Kf8 26.Rc7 Re7 27.Rdc1 Bh3 28.Rxb7 Rd8
29.Rxe7 Kxe7 30.Bc6 Rc8 31.Bb5 Rxc1+ 32.Bxc1 f6 33.Be3 Kd6 34.f3 Be1 35.Bd3 g5
36.g4 Ke5 37.Bf2 Bxf2+ 38.Kxf2 Kf4 39.Bf5  1/2-1/2

[Event "EuChJun Boys"]
[Site "Patras GRE"]
[Date "2001.07.18"]
[Round "3"]
[White "Izoria,Z"]
[Black "Mastrovasilis,D"]
[Result "1/2-1/2"]
[WhiteElo "2486"]
[BlackElo "2435"]

1.c4 c6 2.e4 d5 3.exd5 Nf6 4.d4 cxd5 5.Nc3 Nc6 6.Bg5 Be6 7.Bxf6 gxf6 8.Be2 Qa5
9.cxd5 Bxd5 10.Bf3 O-O-O 11.Bxd5 Rxd5 12.Nf3 e6 13.O-O Rd7 14.d5 exd5 15.Nd4 Ne5
16.Qh5 Kb8 17.Qf5 Qd8 18.Rfd1 h6 19.Rac1 Rg8 20.Nf3 Bg7 21.Rd4 Qc7 22.Rcd1 Rgd8
23.h3 Qc6 24.Kh1 a6 25.Qf4 Ka8 26.Nh4 Bf8 27.Nf5 Nc4 28.b3 Nb6 29.Qf3 Qe6
30.R4d3 d4 31.Nxd4 Qd6 32.Nde2 Qxd3 33.Rxd3 Rxd3 34.Qxf6 Ka7 35.Qxf7 Bb4
36.Qf6 Rc8 37.Na4 Rd1+ 38.Kh2 Bd6+ 39.g3 Nxa4 40.bxa4 Rd2 41.Kg2 Re8 42.Nf4 Bc5
43.h4 Bxf2 44.Kh3 Rg8 45.Ng6 h5 46.Qc3 Rgd8 47.Nf4 Rxa2 48.Nxh5 Bb6 49.Qb3 Rdd2
50.Nf4 Rh2+ 51.Kg4 Rhb2 52.Qc3 Rc2 53.Qb3 Rcb2 54.Qc3 Rc2 55.Qb3 Rcb2  1/2-1/2

[Event "ch-SUI Women"]
[Site "Scuol SUI"]
[Date "2001.07.18"]
[Round "7"]
[White "Kradolfer,C"]
[Black "Sedina,E"]
[Result "0-1"]
[WhiteElo "2074"]
[BlackElo "2380"]

1.c4 c6 2.g3 d5 3.d4 Nf6 4.Nf3 Bf5 5.Bg2 e6 6.Nbd2 h6 7.O-O Be7 8.b3 O-O
9.Bb2 a5 10.a3 Nbd7 11.Re1 Ne4 12.Nxe4 Bxe4 13.e3 Bf6 14.Qe2 Re8 15.Bf1 a4
16.b4 dxc4 17.Nd2 Bd3 18.Qf3 Bxf1 19.Kxf1 b5 20.Rac1 c5 21.Ne4 cxb4 22.axb4 a3
23.Ba1 Be7 24.Nc5 Qc7 25.e4 e5 26.dxe5 Nxc5 27.bxc5 Bxc5 28.Qg4 Bf8 29.Red1 Rad8
30.Rd5 b4 31.Rcd1 c3 32.e6 Qc4+ 33.Kg2 Rxd5 34.exf7+ Kxf7 35.Qf3+ Kg8 36.exd5 c2  0-1

[Event "SWYM"]
[Site "Witley ENG"]
[Date "2001.07.19"]
[Round "7"]
[White "Williams,S"]
[Black "Mah,K"]
[Result "1/2-1/2"]
[WhiteElo "2369"]
[BlackElo "2404"]

1.c4 c6 2.d4 d5 3.cxd5 cxd5 4.Bf4 Nf6 5.e3 a6 6.Bd3 Nc6 7.Nc3 Bg4 8.f3 Bh5
9.Qb3 Na5 10.Qa4+ Nc6 11.Qb3 Na5 12.Qa4+ Nc6 13.Qb3  1/2-1/2

[Event "Politiken Cup"]
[Site "Copenhagen DEN"]
[Date "2001.07.20"]
[Round "6"]
[White "Jacobsen,B"]
[Black "Hoi,C"]
[Result "0-1"]
[WhiteElo "2274"]
[BlackElo "2407"]

1.c4 c6 2.b3 Nf6 3.Bb2 g6 4.Nf3 Bg7 5.g3 O-O 6.Bg2 d6 7.d4 Bf5 8.Nh4 Bxb1
9.Qxb1 Qa5+ 10.Kf1 Nbd7 11.Nf3 d5 12.Bh3 e6 13.Kg2 Ne4 14.Rc1 f5 15.Kg1 Qc7
16.Qd3 g5 17.Bg2 g4 18.Nd2 Bh6 19.Bc3 Ndf6 20.Rc2 Bg7 21.Nf1 h5 22.Bd2 Nxd2
23.Nxd2 Ne4 24.b4 Qb6 25.Nb3 Qxb4 26.Rb1 a5 27.e3 a4 28.Nd2 Qe7 29.Rcb2 Ra7
30.Rb4 Rf7 31.c5 e5 32.a3 h4 33.Bxe4 fxe4 34.Qe2 exd4 35.exd4 Qg5 36.Nf1 hxg3
37.hxg3 Bf6 38.Ne3 Rg7 39.Kg2 Qg6 40.Rh1 Ra8 41.Qd1 Rf8 42.Rb2 Bd8 43.Qxa4 Bg5
44.Nxg4 Qf5 45.Qd1 Bc1 46.Nh6+ Bxh6 47.Rxh6 Qf3+ 48.Qxf3 Rxf3 49.Rd6 Rxa3
50.Rd8+ Kh7 51.Rb8 Ra7 52.Rb3 Rf7 53.g4 Kg7 54.Kg3 Ra2 55.f3 exf3 56.R8xb7 Rg2+
57.Kh3 Rxb7 58.Rxb7+ Kg6 59.Rb3 Rd2 60.Rxf3 Rxd4  0-1

[Event "Czech Open"]
[Site "Pardubice CZE"]
[Date "2001.07.20"]
[Round "1"]
[White "Meister,Y"]
[Black "Cernousek,L"]
[Result "1/2-1/2"]
[WhiteElo "2461"]
[BlackElo "2262"]

1.c4 c6 2.Nc3 d5 3.e3 Nf6 4.Nf3 Nbd7 5.d4 e6 6.Bd3 dxc4 7.Bxc4 b5 8.Be2 Bb7
9.O-O Be7 10.a3 a5 11.Bd2 b4 12.axb4 axb4 13.Na2 Qb6 14.Qb3 Ne4 15.Rfd1 O-O
16.Be1 Ba6 17.Bxa6 Rxa6 18.Rab1 Ndf6 19.Nc1 c5 20.dxc5 Bxc5 21.Nd3 Bxe3 22.fxe3 Qxe3+
23.Kf1 Ng4 24.Nc1 Qxb3 25.Nxb3 Ne3+ 26.Ke2 Nxd1 27.Rxd1 Ra2 28.Rd3 Rxb2+
29.Nfd2 Nc3+ 30.Kf3 e5 31.Nc5 f5 32.Rd7 Rf7 33.Rd8+ Rf8 34.Rd7 Rf7 35.Rd8+ Rf8
36.Rd7 g5 37.Ne6 g4+ 38.Kg3 Rf6 39.Rg7+ Kh8 40.Re7 Kg8 41.Rg7+ Kh8 42.Re7 Rg6
43.Nc5 f4+ 44.Kh4 Nd5 45.Re8+ Kg7 46.Nd3 Ne3 47.Kh5 Ra2 48.Re7+ Kg8 49.Rxe5 Nxg2
50.Nxb4 Ra3 51.h4 Re3 52.Ne4 Rxe1 53.Nd5 Kf8 54.Ne7 Rxe4 55.Rxe4 Rg7 56.Nf5 Rf7
57.Kxg4 h5+ 58.Kf3 Rxf5 59.Kxg2 f3+ 60.Kf2 Kf7  1/2-1/2

[Event "EuChJun Boys"]
[Site "Patras GRE"]
[Date "2001.07.21"]
[Round "6"]
[White "Postny,E"]
[Black "Jirka,J"]
[Result "1/2-1/2"]
[WhiteElo "2486"]
[BlackElo "2292"]

1.c4 c6 2.Nc3 d5 3.d4 Nf6 4.e3 a6 5.a4 g6 6.Nf3 Bg7 7.Bd3 O-O 8.O-O c5 9.dxc5 dxc4
10.Bxc4 Qa5 11.e4 Qxc5 12.Be2 Nc6 13.Be3 Qb4 14.Qb1 Be6 15.a5 Bb3 16.Nd2 Be6
17.Ra4 Qd6 18.f4 Ng4 19.Bxg4 Bxg4 20.Nc4 Qd8 21.Nb6 Rb8 22.h3 Be6 23.Rd1 Qe8
24.Ncd5 Rd8 25.f5 Bxd5 26.exd5 Ne5 27.Rb4 e6 28.dxe6 Rxd1+ 29.Qxd1 fxe6 30.fxe6 Qxe6
31.Qd5 Qxd5 32.Nxd5 Rf7 33.b3 Nc6 34.Ra4 Rd7 35.Nb4 Bd4 36.Nc2 Bxe3+ 37.Nxe3 Rd3
38.Nc4 Rxb3 39.Nd6 Kf8 40.Rh4 h5 41.Rc4 Nxa5 42.Rc7 Rb6 43.Rf7+ Kg8 44.Rd7 Rb4
45.Kf2 Rb2+ 46.Kf3 Nc6 47.Rxb7 Rxb7 48.Nxb7 Kf7 49.g4 Kf6 50.gxh5 gxh5 51.Kf4 a5
52.Nc5 Nd4 53.Nd7+ Kg6 54.Ne5+ Kh6 55.Ke4 Ne6 56.h4 a4 57.Kd3 Kg7 58.Kc4 Kf6
59.Nd7+ Kf5 60.Kb4 Nf4 61.Kxa4 Ng6 62.Kb3 Nxh4 63.Kc2 Nf3 64.Kd3 Kf4 65.Ke2 Kg3
66.Kf1 h4 67.Nf6 Nd2+  1/2-1/2

[Event "Czech Open"]
[Site "Pardubice CZE"]
[Date "2001.07.23"]
[Round "4"]
[White "Egeli,P"]
[Black "Tomashevsky,E"]
[Result "0-1"]
[WhiteElo "2317"]
[BlackElo "2449"]

1.c4 c6 2.Nf3 d5 3.b3 Nf6 4.g3 Bg4 5.Bg2 e6 6.Bb2 Nbd7 7.d3 Bxf3 8.Bxf3 Qa5+
9.Nd2 Ba3 10.Qc1 Bxb2 11.Qxb2 O-O 12.O-O Qb6 13.d4 Rfe8 14.Bg2 a5 15.a3 Qa6
16.Rfc1 e5 17.cxd5 cxd5 18.dxe5 Nxe5 19.Nf3 Neg4 20.Rc2 Ne4 21.e3 Rac8 22.Rac1 Rxc2
23.Rxc2 Qb6 24.Re2 Ngxf2 25.Rxf2 Nxf2 26.Qxf2 Qxb3 27.Nd4 Qxe3  0-1

[Event "Politiken Cup"]
[Site "Copenhagen DEN"]
[Date "2001.07.24"]
[Round "10"]
[White "Akesson,J"]
[Black "Berg,K"]
[Result "1-0"]
[WhiteElo "2203"]
[BlackElo "2438"]

1.c4 c6 2.Nf3 d5 3.d4 Nf6 4.e3 Bf5 5.Nc3 e6 6.Nh4 Be4 7.Qb3 Qc7 8.f3 Bg6
9.g4 Be7 10.g5 Nfd7 11.e4 e5 12.dxe5 dxc4 13.Bxc4 Nxe5 14.Be2 Bh5 15.f4 Bxe2
16.Nxe2 Ned7 17.Nf5 Na6 18.Nxg7+ Kf8 19.Nf5 Ndc5 20.Qf3 Rd8 21.O-O Qb6 22.Be3 Rg8
23.Qh5 Rd3 24.Bd4 Rxd4 25.Nexd4 Ne6 26.Qh6+ Ke8 27.Qxh7 Rf8 28.Rad1 Bc5 29.Ng7+ Nxg7
30.Qxg7 Nc7 31.Kh1  1-0

[Event "EuChJun Boys"]
[Site "Patras GRE"]
[Date "2001.07.24"]
[Round "8"]
[White "Stryjecki,M"]
[Black "Jirka,J"]
[Result "1-0"]
[WhiteElo "2441"]
[BlackElo "2292"]

1.c4 c6 2.d4 d5 3.Nf3 Nf6 4.Nc3 a6 5.e3 Bf5 6.Qb3 b5 7.cxd5 cxd5 8.a4 b4
9.Qxb4 Nc6 10.Qc5 Na5 11.Bxa6 Rxa6 12.Qb5+ Rc6 13.Ne5 Bd7 14.Nxd7 Nxd7 15.Bd2 Rc8
16.Nxd5 Nc4 17.Bb4 e6 18.Bxf8 exd5 19.Bc5 Rb8 20.Qc6 Nxb2 21.O-O Qc8 22.Qxd5 Nxc5
23.dxc5 O-O 24.c6 Rd8 25.Qe4 Qc7 26.a5 Rd6 27.Rfb1 Re6 28.Qf4 Qxf4 29.exf4 Rxc6
30.g3 Rcc8 31.a6 Rb6 32.a7 Ra8 33.Ra2 g6 34.Raxb2 Rxb2 35.Rxb2 Rxa7 36.Kg2 Kg7
37.g4 Ra4 38.Kg3 Ra3+ 39.f3 Ra4 40.Rb5 h6 41.h4 Ra6 42.h5 Rc6 43.Ra5 Rc7
44.Kh4 Rb7 45.Rc5 Ra7 46.Rb5 Rc7 47.Kh3 Ra7 48.Kg3 Rc7 49.Kf2 Ra7 50.hxg6 fxg6
51.f5 h5 52.g5 gxf5 53.f4 Ra6 54.Rxf5 h4 55.Kf3 Kg6 56.Rf8 h3 57.Kg4 h2 58.Rh8 Ra2
59.Kg3 Kf5 60.Rxh2 Ra3+ 61.Kh4 Rf3 62.Kh5 Rxf4 63.Kh6 Rf1 64.g6 Kf6 65.Kh7 Rg1
66.Rf2+ Kg5 67.g7 Rh1+ 68.Kg8 Ra1 69.Rh2  1-0

[Event "Politiken Cup"]
[Site "Copenhagen DEN"]
[Date "2001.07.25"]
[Round "11"]
[White "Auchenberg,P"]
[Black "Pallesen,J"]
[Result "0-1"]
[WhiteElo "2006"]
[BlackElo "2061"]

1.c4 c6 2.b3 d5 3.Bb2 Bf5 4.Nf3 Nd7 5.g3 Ngf6 6.Bg2 e6 7.O-O Bd6 8.d3 O-O
9.Re1 Qe7 10.a3 e5 11.cxd5 cxd5 12.Nc3 Be6 13.Nb5 Rfc8 14.Nxd6 Qxd6 15.d4 e4
16.Ne5 Ne8 17.Nxd7 Bxd7 18.a4 Rc6 19.Ba3 Qc7 20.Rc1 Rc8 21.Qd2 Nf6 22.Rxc6 Qxc6
23.Rc1 Qb6 24.Rxc8+ Bxc8 25.Qb4 Qxb4 26.Bxb4 Bf5 27.Bd2 e3 28.Bxe3 Bc2 29.a5 Bxb3
30.Bg5 Nd7 31.Kf1 b6 32.Bh3 Nf8 33.axb6 axb6 34.Ke1 Bc4 35.Bd8 b5 36.Kd2 Ne6
37.Be7 Nc7 38.Ba3 Na6 39.Bc8 Nc7 40.Be7 f6 41.e3 Kf7 42.Bd6 Ne8 43.Ba3 Kg6
44.Be7 f5 45.f3 Kf7 46.Bb4 g6 47.g4 Ng7 48.Bd6 Ne6 49.gxf5 gxf5 50.Ke1 Bd3
51.Kd2 Bf1 52.Ke1 Bd3 53.Kf2 Ng5 54.Kg3 Be4 55.Bd7 Nxf3 56.Bxb5 Ke6 57.Bc7 Ng5
58.h4 Nf7 59.Bc6 Nh6 60.Kf4 Nf7 61.Bb7 Kd7 62.Bb8 Nd8 63.Ba6 Nf7 64.h5 Bc2
65.Be5 Be4 66.Bg7 Bc2 67.Bb5+ Ke7 68.h6 Be4 69.Be2 Ke6 70.Bf8 Kf6 71.Bh5 Ke6
72.Bg7 Bd3 73.Bd1 Be4 74.Ba4 Ke7 75.Bc6 Kd6 76.Bb7 Kd7 77.Bf8 Nd8 78.Ba6 Nf7
79.Bb7 Nd8 80.Ba6 Ne6+ 81.Ke5 Nxf8 82.Kf6 Ne6 83.Be2 Kd6 84.Bh5 Kd7 85.Bg6 Nf8
86.Bf7 Kd6 87.Kg7 Ke7 88.Bg8 Bd3 89.Bxd5 Bc2 90.Bf3 Bd3 91.Bh5 Bc2 92.d5 Nd7
93.Bg6 Nf6 94.Bxh7 Nxh7 95.Kxh7 f4+ 96.Kg7 fxe3  0-1

[Event "XXI Open"]
[Site "Cullera ESP"]
[Date "2001.07.25"]
[Round "7"]
[White "Romero Holmes,A"]
[Black "Djingarova,E"]
[Result "1-0"]
[WhiteElo "2455"]
[BlackElo "2285"]

1.c4 c6 2.d4 d5 3.Bf4 dxc4 4.e4 b5 5.g3 Nf6 6.Bg2 e6 7.Ne2 Bb7 8.O-O Nbd7
9.Nd2 Be7 10.b3 cxb3 11.Nxb3 O-O 12.Qc2 Rc8 13.Nc5 Bxc5 14.dxc5 e5 15.Be3 Qc7
16.Rad1 Rcd8 17.Rd6 Ne8 18.Rd2 Ndf6 19.Rxd8 Qxd8 20.Rd1 Qe7 21.Qc3 Ng4 22.Bc1 h6
23.Bb2 a5 24.a3 Ba6 25.Nc1 Nc7 26.h3 b4 27.axb4 axb4 28.Qxb4 Nf6 29.Rd6 Bb5
30.Qc3 Nfe8 31.Rd2 f6 32.h4 Na6 33.Ba3 Nec7 34.Qb3+ Qe6 35.Bh3 Qxb3 36.Nxb3 Rb8
37.Na5 Ba4 38.Kh2 h5 39.Rd7 Kh7 40.Bf5+ Kg8 41.Bg6 Rc8 42.Nc4 Rb8 43.Nd6 Bb3
44.Nf5 Ne6 45.Bxh5 Naxc5 46.Bxc5 Nxc5 47.Rxg7+ Kh8 48.Rc7 Nxe4 49.f3 Bd1
50.Bg6 Bxf3 51.Rh7+ Kg8 52.Nh6+ Kf8 53.Rf7+  1-0

[Event "Dutch Open"]
[Site "Dieren NED"]
[Date "2001.07.25"]
[Round "8"]
[White "Odendahl,R"]
[Black "Diepeveen,V"]
[Result "1-0"]
[WhiteElo "2365"]
[BlackElo "2300"]

1.c4 c6 2.g3 d5 3.Bg2 Nf6 4.Nf3 Bf5 5.cxd5 cxd5 6.Qb3 Qd7 7.Ne5 Qc7 8.Nc3 Nc6
9.d4 e6 10.O-O a6 11.Nxc6 Qxc6 12.Bg5 b5 13.Bxf6 gxf6 14.Nxd5 exd5 15.Bxd5 Qc8
16.Rfc1 Qd8 17.Qf3 Bh6 18.Bxa8 Bxc1 19.Rxc1  1-0

[Event "ANU Open"]
[Site "Canberra AUS"]
[Date "2001.07.29"]
[Round "5"]
[White "Johansen,D"]
[Black "Wallace,JP"]
[Result "1-0"]
[WhiteElo "2524"]
[BlackElo "2370"]

1.c4 c6 2.Nc3 d5 3.cxd5 cxd5 4.d4 Nf6 5.Nf3 Nc6 6.Bf4 Bf5 7.e3 e6 8.Ne5 Nxe5
9.Bxe5 Nd7 10.Qb3 Qb6 11.Bb5 f6 12.Bg3 Be7 13.O-O Bg6 14.Rac1 Qd8 15.Nxd5 exd5
16.Bc7 Qc8 17.Ba5 Qb8 18.Rc7 b6 19.Rxd7  1-0

[Event "Open"]
[Site "Korinthos GRE"]
[Date "2001.07.29"]
[Round "2"]
[White "Mastrovasilis,A"]
[Black "Babaniotis,E"]
[Result "1-0"]
[WhiteElo "2441"]
[BlackElo "2037"]

1.c4 c6 2.Nf3 Nf6 3.Nc3 d5 4.e3 Bf5 5.cxd5 Nxd5 6.Qb3 Qb6 7.Qa4 Qb4 8.Qd1 e6
9.Be2 Be7 10.O-O O-O 11.a3 Qa5 12.Ra2 Nd7 13.d4 Qc7 14.Bd2 h6 15.b4 N7f6
16.Qb3 a6 17.Rc1 Qd6 18.Na4 Nd7 19.Nc5 Nxc5 20.bxc5 Qc7 21.Ne5 Rfb8 22.Qa4 f6
23.Ba5 Qc8 24.Nc4 e5 25.Bf3 e4 26.Be2 Bd8 27.Rb2 Bc7 28.Rcb1 Ra7 29.Bf1 Bxa5
30.Qxa5 Qd7 31.Nd6 Kf8 32.Bc4 Bg6 33.Bxd5 cxd5 34.Qb6 Raa8 35.c6 bxc6 36.Qxb8+ Rxb8
37.Rxb8+ Ke7 38.R1b7 Kxd6 39.Rxd7+ Kxd7 40.Rb7+ Kd6 41.Rxg7 Be8 42.Ra7  1-0

[Event "HZ Open"]
[Site "Vlissingen NED"]
[Date "2001.07.31"]
[Round "5"]
[White "Janssen,R"]
[Black "Timmermans,I"]
[Result "1-0"]
[WhiteElo "2437"]
[BlackElo "2185"]

1.c4 c6 2.e4 d5 3.exd5 cxd5 4.d4 Nf6 5.Nc3 e6 6.Nf3 Bb4 7.cxd5 Nxd5 8.Bd2 Nc6
9.Bd3 Be7 10.O-O O-O 11.a3 b6 12.Nxd5 Qxd5 13.Qc2 Nxd4 14.Nxd4 Qxd4 15.Bxh7+ Kh8
16.Be4 Ba6 17.Bc3 Qc5 18.b4 Qh5 19.Bxa8 Rxa8 20.Rfd1  1-0

[Event "MTO"]
[Site "Biel SUI"]
[Date "2001.08.01"]
[Round "9"]
[White "Tukmakov,V"]
[Black "Yagupov,I"]
[Result "1-0"]
[WhiteElo "2604"]
[BlackElo "2444"]

1.c4 c6 2.Nf3 d5 3.d4 Nf6 4.Nc3 e6 5.Bg5 h6 6.Bxf6 Qxf6 7.e3 Nd7 8.Bd3 dxc4
9.Bxc4 g6 10.O-O Bg7 11.b4 O-O 12.a4 Qe7 13.Qb3 Rd8 14.a5 Nf6 15.Na4 Ne4
16.Nc5 Nd6 17.Ne5 Rb8 18.a6 Bxe5 19.dxe5 Nxc4 20.Qxc4 bxa6 21.f4 Rb5 22.Qc3 Kg7
23.Rfb1 a5 24.Rxa5 Rxa5 25.bxa5 Rd5 26.Ne4 Qd8 27.Nd6 Ba6 28.Qxc6 Rxa5 29.h3 g5
30.f5 Rxe5 31.Qxa6 Rd5 32.Qa1+ Kg8 33.Ne4 Ra5 34.Nf6+ Kf8 35.Qc3  1-0

[Event "GM"]
[Site "Hasselbacken SWE"]
[Date "2001.08.02"]
[Round "6"]
[White "Yakovich,Y"]
[Black "Engqvist,T"]
[Result "1-0"]
[WhiteElo "2577"]
[BlackElo "2365"]

1.c4 c6 2.d4 d5 3.Nc3 Nf6 4.e3 g6 5.Nf3 Bg7 6.Be2 O-O 7.O-O Bg4 8.cxd5 cxd5
9.Qb3 b6 10.h3 Bxf3 11.Bxf3 e6 12.Bd2 Nc6 13.Be2 a6 14.Rfc1 Na5 15.Qb4 Nd7
16.b3 Nb7 17.Na4 Re8 18.Qc3 b5 19.Qc7 Rb8 20.Nb2 e5 21.Qxd8 Nxd8 22.dxe5 Bxe5
23.Rab1 Nf6 24.Nd3 Bd6 25.Nb4 Bxb4 26.Bxb4 d4 27.Bf3 dxe3 28.fxe3 Ne4 29.Rc7 h5
30.Rbc1 Ng5 31.Bd5 Nge6 32.Rc8 Rb6 33.Ra8 a5  1-0

[Event "Rapidplay"]
[Site "Liepaja LAT"]
[Date "2001.08.02"]
[Round "2"]
[White "Kveinys,A"]
[Black "Magem Badals,J"]
[Result "1/2-1/2"]
[WhiteElo "2535"]
[BlackElo "2513"]

1.c4 c6 2.d4 d5 3.cxd5 cxd5 4.Nc3 Nf6 5.Bf4 Nc6 6.e3 a6 7.Bd3 Bg4 8.Nge2 Bh5
9.Qb3 Na5 10.Qa4+ Nc6 11.Bg5 e6 12.Nf4 Bg6 13.Nxg6 hxg6 14.Rc1 Be7 15.h3 O-O
16.O-O Nd7 17.Bf4 Nb6 18.Qb3 Na5 19.Qd1 Rc8 20.Qg4 Nac4 21.b3 Nd6 22.h4 Nf5
23.h5 gxh5  1/2-1/2

[Event "Smith & Williamson ch-GBR"]
[Site "Scarborough HUN"]
[Date "2001.08.02"]
[Round "4"]
[White "Williams,S"]
[Black "Collins,S"]
[Result "1-0"]
[WhiteElo "2369"]
[BlackElo "2194"]

1.c4 c6 2.d4 d5 3.Nc3 Nf6 4.Nf3 a6 5.c5 Bf5 6.Bf4 Nbd7 7.e3 e6 8.Nd2 Be7
9.Be2 Ne4 10.Ncxe4 dxe4 11.Nc4 O-O 12.Qb3 Ra7 13.Nd6 b6 14.Rc1 bxc5 15.Nb7 Qa8
16.Nxc5 Nxc5 17.dxc5 Bf6 18.Qc2 Qb7 19.Bd6 Rd8 20.O-O a5 21.b3 a4 22.bxa4 Qb4
23.Bc4 Rxa4 24.Bb3 Ra7 25.Qc4 Qa5 26.h3 h5 27.Rfd1 h4 28.Qe2 Rad7 29.Rc4 Qa6
30.Qf1 e5 31.Rcc1 Qa5 32.Qe1 Qa7 33.Qc3 Re8 34.Qc4 Red8 35.Rb1 Ra8 36.Qc3 Qa5
37.Qxa5 Rxa5 38.Bc4 Be7 39.Kf1 Bxd6 40.cxd6 Rc5 41.Rb8+ Kh7 42.Bb3 Kg6 43.Rb6 Ra7
44.Bd5 Bd7 45.Bxe4+ f5 46.Bb1 Rd5 47.Rxd5 cxd5 48.Ke2 Kf6 49.Kd2 Ke6 50.Kc3 g6
51.Kb2 Ra5 52.Bd3 Rc5 53.g3 hxg3 54.fxg3 Rc6 55.Rxc6 Bxc6 56.Kc3 Kxd6 57.Kb4 d4
58.exd4 exd4 59.a4 Ke5 60.a5 g5 61.a6 f4 62.gxf4+ gxf4 63.h4 f3 64.h5 f2
65.a7 Kf6 66.h6 Be4 67.h7 Kg7 68.Kc5  1-0

[Event "Valoz Cup"]
[Site "Olomouc CZE"]
[Date "2001.08.05"]
[Round "6"]
[White "Sergeev,Vl"]
[Black "Dambrauskas,V"]
[Result "1-0"]
[WhiteElo "2498"]
[BlackElo "2319"]

1.c4 c6 2.d4 d5 3.cxd5 cxd5 4.Nc3 Nf6 5.Nf3 Nc6 6.Ne5 e6 7.Nxc6 bxc6 8.g3 c5
9.Bg2 Be7 10.O-O O-O 11.dxc5 Bxc5 12.Na4 Be7 13.Be3 Qa5 14.Bd4 Ba6 15.Nc3 Rfc8
16.Qd2 Bc5 17.Rfd1 Bxd4 18.Qxd4 Rc4 19.Qd2 Qc7 20.e3 Rc5 21.e4 dxe4 22.Nxe4 Nxe4
23.Bxe4 Rc8 24.b4 Rc3 25.a4 g6 26.b5 Bb7 27.Bxb7 Qxb7 28.Rac1 R3c4 29.Rxc4 Rxc4
30.Qb2 Qc7 31.Qf6 Rc1 32.Rxc1 Qxc1+ 33.Kg2 Qc4 34.Qf4 Qd5+ 35.Qf3 Qd4 36.a5 e5
37.b6 axb6 38.a6 e4 39.Qf4 b5 40.Qb8+ Kg7 41.a7 Qc3 42.h4 Qf3+ 43.Kg1 Qd1+
44.Kh2 Qe2 45.Qe5+ f6 46.Qe7+ Kh6 47.Qf8+ Kh5 48.Qxf6  1-0

[Event "Slavonija"]
[Site "Dakovo CRO"]
[Date "2001.08.06"]
[Round "5"]
[White "Kovacevic,B"]
[Black "Kirov,N"]
[Result "0-1"]
[WhiteElo "2443"]
[BlackElo "2422"]

1.c4 c6 2.e4 d5 3.exd5 cxd5 4.cxd5 Nf6 5.Nc3 g6 6.Bc4 Bg7 7.Nf3 O-O 8.O-O Na6
9.d4 Nc7 10.Qb3 b5 11.Nxb5 Ncxd5 12.Ne5 Bb7 13.Rd1 e6 14.Nd6 Qxd6 15.Qxb7 Nb6
16.Bb3 a5 17.Qf3 a4 18.Nc4 Qd8 19.Nxb6 Qxb6 20.Bc4 Rac8 21.b3 Nd5 22.Ba3 Bxd4
23.Bxf8 Bxa1 24.Rxa1 Kxf8 25.Bxd5 exd5 26.Qxd5 Rc2 27.bxa4 Qxf2+ 28.Kh1 Rd2
29.Qa8+ Kg7 30.h3 Qd4 31.Re1 Rxa2 32.a5 Qc3 33.Rf1 Rxa5 34.Qb7 Rf5 35.Rxf5 gxf5
36.Qd5 Qe1+ 37.Kh2 Qe6 38.Qd4+ Kg6 39.Qd8 Qe1 40.g3 Qe5 41.Qg8+ Qg7 42.Qa8 Qf6
43.Qg8+ Kh6 44.Qf8+ Kg5 45.Qg8+ Qg6  0-1

[Event "12th Sueder Summer"]
[Site "Recklinghausen GER"]
[Date "2001.08.06"]
[Round "3"]
[White "Wilde,P"]
[Black "Bischof,R"]
[Result "1/2-1/2"]
[WhiteElo "2272"]
[BlackElo "2081"]

1.c4 c6 2.Nf3 d5 3.d4 Nf6 4.Nc3 g6 5.cxd5 cxd5 6.Bf4 Bg7 7.e3 O-O 8.h3 Qb6
9.a3 Nc6 10.Bd3 Bf5 11.Bxf5 gxf5 12.Qc2 e6 13.g4 Ne7 14.Ne5 Rfc8 15.f3 Ng6
16.Nxg6 fxg6 17.Be5 Nd7 18.Bxg7 Kxg7 19.gxf5 exf5 20.O-O-O Nf6 21.Kb1 Qe6
22.Qd3 Re8 23.Rde1 a6 24.Re2 b5 25.Rhe1 Ra7 26.e4 fxe4 27.fxe4 dxe4 28.Nxe4 Nxe4
29.Rxe4 Qf5 30.Qc2 Rxe4 31.Rxe4 Rf7  1/2-1/2

[Event "ch-AUT women"]
[Site "Mureck AUT"]
[Date "2001.08.07"]
[Round "1"]
[White "Schwaninger,U"]
[Black "Horvath,Maria"]
[Result "0-1"]
[WhiteElo "2045"]
[BlackElo "2053"]

1.c4 c6 2.g3 d5 3.Bg2 Nf6 4.Nf3 Bg4 5.Ne5 Bh5 6.O-O Nbd7 7.d4 e6 8.Nxd7 Qxd7
9.Nd2 Bd6 10.c5 Bc7 11.Nf3 Ne4 12.Be3 Qe7 13.b4 O-O 14.Qb3 f5 15.Bc1 f4 16.a4 Kh8
17.Ra2 fxg3 18.fxg3 e5 19.dxe5 Bxe5 20.Nxe5 Rxf1+ 21.Bxf1 Qxe5 22.Bf4 Qe7
23.Qb2 Re8 24.Qd4 a5 25.b5 Nxc5 26.bxc6 bxc6 27.Bh6 Kg8 28.Bf4 Ne6 29.Qd2 Nxf4
30.gxf4 Qe3+ 31.Qxe3 Rxe3 32.Kf2 Rc3 33.Rb2 Ra3 34.Rb8+ Kf7 35.Rc8 Rxa4 36.Rxc6 Rxf4+
37.Ke1 Ra4 38.Bg2 Ra1+ 39.Kd2 Ra2+ 40.Kc3 Rxe2 41.Bxd5+ Ke7 42.h4 Bg4 43.Kd4 Rd2+
44.Ke5 Rxd5+  0-1

[Event "Inline Czechia Cup"]
[Site "Olomouc CZE"]
[Date "2001.08.07"]
[Round "8"]
[White "Kim,Se"]
[Black "Husted,P"]
[Result "1-0"]
[WhiteElo "2219"]
[BlackElo "2171"]

1.c4 c6 2.Nf3 d5 3.b3 Bg4 4.Ne5 Bf5 5.Bb2 e6 6.g3 Nd7 7.Bg2 Ngf6 8.O-O Nxe5
9.Bxe5 Bd6 10.Bb2 O-O 11.d3 Qc7 12.Nd2 h6 13.a3 a5 14.Rc1 Be7 15.Rc2 Qb6
16.Qa1 Bg4 17.Re1 Rfd8 18.h3 Bh5 19.cxd5 exd5 20.Bd4 c5 21.Be3 d4 22.Nc4 Qa6
23.Bd2 a4 24.bxa4 Qxa4 25.Rb2 Ra7 26.Qb1 Bf8 27.Rxb7 Re8 28.g4 Bg6 29.f4 Bh7
30.Qb5 Qxb5 31.Rxb5 h5 32.Bf3 hxg4 33.hxg4 Rd8 34.Reb1  1-0

[Event "Nordic Championships"]
[Site "Bergen NOR"]
[Date "2001.08.08"]
[Round "5"]
[White "Guzik,J"]
[Black "Hersvik,D"]
[Result "0-1"]
[WhiteElo "2095"]
[BlackElo "2241"]

1.c4 c6 2.d4 d5 3.cxd5 cxd5 4.Nf3 Nf6 5.Bf4 Qb6 6.Qb3 Nc6 7.e3 e6 8.Nc3 Qxb3
9.axb3 Bb4 10.Bd3 Ke7 11.Ke2 Nh5 12.Bg3 Nxg3+ 13.hxg3 h6 14.Rhc1 Bd7 15.Nd2 Rhc8
16.Bb5 f6 17.Bd3 Na5 18.e4 dxe4 19.Bxe4 Bc6 20.Ke3 Bxe4 21.Ncxe4 Nc6 22.Rc4 a5
23.Nf3 Rd8 24.Rac1 Rd5 25.g4 Rad8 26.Ng3 Kf7 27.Ne4 f5 28.gxf5 exf5 29.Nc3 Re8+
30.Kd3 Rd7 31.Rc2 g5 32.Re2 g4 33.Rxe8 Kxe8 34.Rxc6 bxc6 35.Ne5 Rd6 36.Nc4 Re6
37.Ne2 Be1 38.f3 gxf3 39.gxf3 h5 40.Nf4 h4 41.Ne3 Rh6 42.Nh3 Rf6 43.Kc4 Bd2
44.Ng2 Rg6 45.Nxh4 Rh6 46.Nxf5 Rxh3 47.d5 cxd5+ 48.Kxd5 Rxf3 49.Nd4 Rd3 50.Kc4 Rxd4+
51.Kxd4 Kd7 52.Kc5 Ke6 53.Kb5 Bb4 54.Ka4 Kd5 55.Kb5 Kd4  0-1